000 00588nam a2200205Ia 4500
003 OSt
005 20250210171316.0
008 231217s9999 xx 000 0 und d
020 _a9788131723272
040 _c0
041 _aEnglish
082 _a001.535 LUG;34
100 _aLuger, George F.
245 0 _aArtificial intelligence : structures and strategies for complex problem solving
250 _a5th ed
260 _c2005
_bDorling Kindersley
_aNoida
300 _axxiii, 903
650 _aArtificial,intelligence,structures,strategies,complex,solving
942 _cAA
_2ddc
999 _c196295
_d196295